| 000 | 00000nam 2200000za 4500 |
| 001 | 9.840579 |
| 003 | CaOODSP |
| 005 | 20221107151859 |
| 007 | cr ||||||||||| |
| 008 | 170728s1969 onc #o f000 0 eng d |
| 040 | |aCaOODSP|beng |
| 043 | |an-cn--- |
| 086 | 1 |aH34-310/1969E-PDF |
| 100 | 1 |aGraham-Cumming, G. |
| 245 | 10|aDelayed registration of births among Canadian registered Indians 1964-1968 |h[electronic resource] / |cby G. Graham-Cumming. |
| 260 | |a[Ottawa?] : |bDepartment of National Health & Welfare, Medical Services, |c[1969?]. |
| 300 | |aii, 50 p. |
| 500 | |aTitle from cover. |
| 500 | |aDigitized edition from print [produced by Indigenous and Northern Affairs Canada]. |
| 520 | |a"In 1965 it came to notice that many of the births registered annually as "new births" included a considerable number of births that had actually occurred in earlier years, in some cases over ten years previously. Of the 8,973 births registered in 1965, 1175 or 86.91% had occurred in previous years."--p. 3. |
| 692 | 07|2gccst|aStatus Indians |
| 692 | 07|2gccst|aBirth rate |
| 692 | 07|2gccst|aStatistics |
| 710 | 1 |aCanada. |bNational Health and Welfare. |
| 856 | 40|qPDF|s4.69 MB|uhttps://publications.gc.ca/collections/collection_2017/aanc-inac/H34-310-1969-eng.pdf |